Introduction to VLSI and system (Record no. 170217)

000 -LEADER
fixed length control field 00325nam a2200121Ia 4500
008 - FIXED-LENGTH DATA ELEMENTS--GENERAL INFORMATION
fixed length control field 220217s9999||||xx |||||||||||||| ||und||
082 ## - DEWEY DECIMAL CLASSIFICATION NUMBER
Classification number 621.381 UYE
100 ## - MAIN ENTRY--PERSONAL NAME
Personal name Uymura, John, P
9 (RLIN) 2896
245 #0 - TITLE STATEMENT
Title Introduction to VLSI and system
260 ## - PUBLICATION, DISTRIBUTION, ETC.
Place of publication, distribution, etc. John wiley & sons
Name of publisher, distributor, etc. New York
Date of publication, distribution, etc. 2002
300 ## - PHYSICAL DESCRIPTION
Other physical details
Field link and sequence number
650 ## - SUBJECT ADDED ENTRY--TOPICAL TERM
Topical term or geographic name entry element CIRCUITRY
Holdings
Withdrawn status Lost status Damaged status Not for loan Collection code Home library Current library Shelving location Date acquired Full call number Barcode Date last seen Price effective from Koha item type
        Electronics and Communication Engineering Central Library Central Library Book Cart 02/18/2022 621.381 UYE 5406 02/18/2022 02/18/2022 Books

Powered by Koha